Utilización de un dializador continuo para la purificación de la globulina en la producción de suero antiofídico

Guardado en:
書目詳細資料
主要作者: Monge Fallas, Marta Elena
格式: 圖書
出版: San José, Costa Rica 1991
主題:
標簽: 添加標簽
沒有標簽, 成為第一個標記此記錄!

MARC

LEADER 00000nam a2200000Ia 4500
003 005155
005 20221231144328.0
008 140114s1991 cr a m 000 ||s d
040 |c cru CEDI 
090 |a TFG 2458 
100 |a Monge Fallas, Marta Elena  |9 12770 
245 |a Utilización de un dializador continuo para la purificación de la globulina en la producción de suero antiofídico 
260 |c 1991  |a San José, Costa Rica 
300 |a vi, 94 hojas : ilustraciones ; 28 cm  
500 |a  Proyecto de graduación (licenciatura en ingeniería química)--Universidad de Costa Rica. Facultad de Ingeniería. Escuela de Ingeniería Química 
650 |x SUEROS ANTIOFIDICOS   |x DIALISIS  |9 12764 
942 |c TFG 
999 |c 20239  |d 20239